000 00542nam a2200193Ia 4500
005 20250508163324.0
008 008 250505s9999 xx 000 0 eng d
020 _a0-416-36190-0
037 _aTextual
040 _aFEDL
_beng
_cFEDL
041 _aeng
_2eng
084 _a420.7, MOO
_qFEDL
100 _aMoore Phil
_9775115
245 0 _aUsing computers in English: A practical guide
260 _aLondon, UK
_bMethuen and Co. Ltd.
_c1986
300 _axv,187p
942 _cTEXL
_h420.7, MOO
999 _c1382314
_d1382314